| 000 | 02059nam0a2200337 4500 | ||
|---|---|---|---|
| 001 | RU\NLR\bibl\1153711 | ||
| 005 | 20260406164708.0 | ||
| 010 |
_a978-5-317-02049-1 _9200 |
||
| 021 |
_aRU _b2007-69070 _93712 |
||
| 035 | _a(NLR Aleph) 001140496 | ||
| 090 |
_a1414612 _c1414612 |
||
| 100 | _a20071114d2007 |||y0rusy50 ca | ||
| 101 | 0 | _arus | |
| 102 | _aRU | ||
| 105 | _aac ||||||||| | ||
| 200 | 1 |
_aД.И. Валентей в воспоминаниях коллег и учеников _eк 85-летию со дня рождения Д.И. Валентея, 40-летию создания кафедры народонаселения и 40-летию организации Центра по изучению проблем народонаселения экономического факультета МГУ им. М.В. Ломоносова _fМоск. гос. ун-т им. М.В. Ломоносова, Экон. фак., Центр по изучению проблем народонаселения _gпод ред. Р.С. Ротовой и М.Б. Денисенко |
|
| 205 | _aИзд. 2-е, доп. | ||
| 210 |
_aМосква _cМакс пресс _d2007 |
||
| 215 |
_a136 с. _cил., портр. _d21 |
||
| 600 | 1 |
_aВалентей _bД. И. _f1922 - 1994 _gДмитрий Игнатьевич _jВоспоминания, записки и т.п. _92454566 _3RU\NLR\auth\661459105 |
|
| 606 | 1 |
_aДемография _jСборники _yРоссийская Федерация _92167902 _3RU\NLR\auth\661304264 |
|
| 686 | _aС73(2)7д.я43 | ||
| 686 | _aС73(2)73я43 | ||
| 702 | 1 |
_aРотова _bР. С. _4340 |
|
| 702 | 1 |
_aВалентей _bД. И. _f1922-1994 _gДмитрий Игнатьевич _4570 |
|
| 712 | 0 | 2 |
_4570 _aМГУ им. М. В. Ломоносова _bЦентр по изучению проблем народонаселения _3RU\NLR\AUTH\889936160 _9367157 |
| 801 | 0 |
_aRU _bNLR _c20071114 _gRCR |
|
| 801 | 1 |
_aRU _bNLR _c20071114 |
|
| 942 | _cBOOK | ||
| 980 | _aNB | ||